000
00321nam a2200133Ia 4500
008
240624s9999 xx 000 0 und d
041
_a
eng
082
_a
823 HEM
100
_a
HEMINGWAY ERNEST
245
_a
OLD MAN AND THE SEA
260
_c
1994
_a
New Delhi
_b
Random House India
300
_a
112 : p.
365
_c
RS
_b
25
999
_c
23632
_d
23632